Periodismo en la telefonía móvil (Registro nro. 321263)

Detalles MARC
000 -ENCABEZADO
Número de control [NR] 01067nam a22002657a 4500
005 - FECHA Y HORA DE LA ÚLTIMA TRANSACCIÓN
control field 20220526101154.0
008 - DE LONGITUD FIJA DE DATOS DE ELEMENTOS - INFORMACIÓN GENERAL
Elementos de longitud fija [NR] 220526s2011 sp |||gr|||| 00| 0 spa d
020 ## - NUMERO INTERNACIONAL NORMALIZADO PARA LIBROS [R]
Número Internacional Normalizado del libro [NR] 9788470744853
040 ## - FUENTE DE CATALOGACION [NR]
Agencia de catalogación original [NR] CO-BoUCM
Idioma de catalogación [NR] spa
Quien Cataloga Deissy Garcia
Quien Clasifica Deissy Garcia
041 ## - CODIGO DE IDIOMA [R]
Código de idioma para texto/pista de sonido o título separado [R] Español
100 ## - ASIENTO PRINCIPAL--NOMBRE PERSONAL [NR]
ID Autoridad 76168
Nombre personal [NR] Cebrián Herreros, Mariano
Fechas asociadas con el nombre [NR] 1943-2013
245 10 - MENCION DE TITULO [NR]
Título [NR] Periodismo en la telefonía móvil
Mención de responsabilidad, etc. [NR] Mariano Cebrián Herreros, Jesús Miguel Flores Vivar
260 ## - PUBLICACION, DISTRIBUCION, ETC. (PIE DE IMPRENTA) [R]
Lugar de publicación, distribución, etc. [R] Madrid
Nombre del editor, distribuidor, etc. [R] Fragua
Fecha de publicación, distribución, etc. [R] 2011
300 ## - DESCRIPCION FISICA [R]
Extensión [R] 253 páginas
490 0# - MENCION DE SERIE [R]
Mención de serie [R] Colección Fragua comunicación
Designación numérica/secuencial del volumen [NR] 114
500 ## - NOTA GENERAL [R]
Nota general [NR] Bibliografía Básica - Escuela de Ciencias Humanas - Pregrado en Periodismo y Opinión Pública
504 ## - NOTA DE BIBLIOGRAFIA, ETC. [R]
Nota de bibliografía, etc. [NR] Incluye referencias bibliográficas
650 #7 - ASIENTO SECUNDARIO DE MATERIA - TERMINO TEMATICO [R]
Término temático o nombre geográfico como elemento de entrada [NR] Periodismo
Subdivisión general [R] Innovaciones tecnológicas
9 (RLIN) 29493
650 #0 - ASIENTO SECUNDARIO DE MATERIA - TERMINO TEMATICO [R]
9 (RLIN) 174842
Término temático o nombre geográfico como elemento de entrada [NR] Periodismo en línea
650 #7 - ASIENTO SECUNDARIO DE MATERIA - TERMINO TEMATICO [R]
9 (RLIN) 19235
Término temático o nombre geográfico como elemento de entrada [NR] Medios de comunicación de masas
650 #7 - ASIENTO SECUNDARIO DE MATERIA - TERMINO TEMATICO [R]
Término temático o nombre geográfico como elemento de entrada [NR] Sistemas de telefonía móvil
9 (RLIN) 174843
700 ## - ASIENTO SECUNDARIO - NOMBRE PERSONAL [R]
9 (RLIN) 29340
Nombre personal [NR] Flores Vivar, Jesús Miguel
942 ## - ELEMENTOS DE ENTRADA AGREGADOS (KOHA)
Sistema de clasificación DEWEY
Tipo de ítem principal el descrito en 300a Libro
Tema principal Generalidades
Edición 1
Clasificación 070.4
Parte restante de la signatura top. C387p
Título oculto en OPAC No
Existencias
Total préstamos Signatura topográfica Código de barras Última vez visto Ejemplar Costo de reposición Price effective from Tipo de ítem Perdido Sistema de clasificación Dañado No prestable Tipo de ítem específico Suprimido Ubicación habitual Ubicación actual Localización Fecha de creación Forma de adquisición Costo
  070.4 C387p 100170281 05/12/2025 Ej.1 152200.00 26/05/2022 Libro   DEWEY     Libro   Claustro Claustro 2do piso 26/05/2022 Compra 152200.00